[Event "23rd European Women Club Cup 2018"]
[Site "Halkidiki"]
[Date "2018.10.17"]
[Round "6"]
[White "Petraki, Evaggelia"]
[Black "Vidic, Teja"]
[Result "1/2-1/2"]
[WhiteElo "1769"]
[BlackElo "2116"]
[Annotator "NA"]
[PlyCount "81"]
[EventDate "2018.10.12"]
[EventType "team-tourn"]
[EventCountry "GRE"]
[SourceTitle "playchess.com"]
[Source "ChessBase"]
[SourceQuality "1"]
[WhiteTeam "Thessaloniki"]
[BlackTeam "Maribor"]
[TimeControl "40/5400+30:1800+30"]

1. d4 {[%emt 0:00:00]} Nf6 {[%emt 0:00:00]} 2. Nf3 {[%emt 0:00:00]} g6 {[%emt 0:00:00]} 3. Nbd2 {[%emt 0:00:07]} c5 {[%emt 0:11:11]} 4. dxc5 {[%emt 0:00:22]} Bg7 {[%emt 0:05:52]} 5. e3 {[%emt 0:15:00]} O-O {[%emt 0:01:01]} 6. Rb1 {[%emt 0:09:25]} Qc7 {[%emt 0:16:22]} 7. b4 {[%emt 0:01:12]} b6 {[%emt 0:00:48]} 8. cxb6 {[%emt 0:17:02]} axb6 {[%emt 0:00:06]} 9. c4 {[%emt 0:07:08]} Rxa2 {[%emt 0:04:09]} 10. Qb3 {[%emt 0:00:55]} Ra8 {[%emt 0:01:09]} 11. Bb2 {[%emt 0:00:46]} d6 {[%emt 0:06:03]} 12. Bd3 {[%emt 0:04:02]} Nc6 {[%emt 0:10:38]} 13. O-O {[%emt 0:00:51]} Bd7 {[%emt 0:03:14]} 14. Rfc1 {[%emt 0:03:24]} Ne5 {[%emt 0:04:20]} 15. Nxe5 {[%emt 0:01:39]} Ba4 {[%emt 0:01:14]} 16. Qc3 {[%emt 0:01:14]} Nd7 {[%emt 0:03:45]} 17. b5 {[%emt 0:06:44]} Bxe5 {[%emt 0:06:57]} 18. Qb4 {[%emt 0:00:12]} Nc5 {[%emt 0:02:26]} 19. Be4 {[%emt 0:05:11]} Bxb2 {[%emt 0:07:56]} 20. Rxb2 {[%emt 0:01:27]} Ra5 {[%emt 0:01:36]} 21. Bb1 {[%emt 0:02:53]} d5 {[%emt 0:02:21]} 22. Qc3 {[%emt 0:13:29]} dxc4 {[%emt 0:01:57]} 23. Nxc4 {[%emt 0:00:57]} Rxb5 {[%emt 0:00:23]} 24. Rxb5 {[%emt 0:01:30]} Bxb5 {[%emt 0:00:02]} 25. Nxb6 {[%emt 0:00:16]} Qxb6 {[%emt 0:00:07]} 26. Qxc5 {[%emt 0:00:05]} Qxc5 {[%emt 0:00:42]} 27. Rxc5 {[%emt 0:00:06]} Rd8 {[%emt 0:01:11]} 28. Bc2 {[%emt 0:00:20]} Bd3 {[%emt 0:00:52]} 29. Bb3 {[%emt 0:00:34]} Rb8 {[%emt 0:01:12]} 30. Rc3 {[%emt 0:00:24]} Bf5 {[%emt 0:00:37]} 31. h3 {[%emt 0:00:39]} Rc8 {[%emt 0:00:49]} 32. Rxc8+ {[%emt 0:00:56]} Bxc8 {[%emt 0:00:05]} 33. f4 {[%emt 0:00:04]} Kg7 {[%emt 0:01:32]} 34. Kf2 {[%emt 0:00:27]} f6 {[%emt 0:00:58]} 35. Bd5 {[%emt 0:00:41]} e5 {[%emt 0:01:38]} 36. fxe5 {[%emt 0:00:17]} fxe5 {[%emt 0:00:04]} 37. Kf3 {[%emt 0:00:08]} Kf6 {[%emt 0:00:36]} 38. h4 {[%emt 0:00:31]} h6 {[%emt 0:00:07]} 39. Bc6 {[%emt 0:00:51]} g5 {[%emt 0:01:04]} 40. hxg5+ {[%emt 0:00:00]} hxg5 {[%emt 0:00:00]} 41. g3 {[%emt 0:01:17]} 1/2-1/2

[Event "23rd European Women Club Cup 2018"]
[Site "Halkidiki"]
[Date "2018.10.18"]
[Round "7"]
[White "Muzychuk, Anna"]
[Black "Dzagnidze, Nana"]
[Result "1-0"]
[WhiteElo "2555"]
[BlackElo "2509"]
[Annotator "TA"]
[PlyCount "83"]
[EventDate "2018.10.12"]
[EventType "team-tourn"]
[EventCountry "GRE"]
[SourceTitle "playchess.com"]
[Source "ChessBase"]
[SourceQuality "1"]
[WhiteTeam "Monte-Carlo"]
[BlackTeam "Nona"]

{[%evp 11,83,19,35,27,40,40,46,47,47,47,6,0,54,49,47,45,59,8,12,4,8,14,10,6,17,13,27,0,39,38,114,127,189,168,192,197,189,132,326,322,361,354,385,375,364,308,395,381,378,308,367,366,566,566,550,546,551,551,530,547,757,759,3841,2310,534,1687,5547,5024,29986,1764,954,787,1275,1160]} 1. e4 c5 2. Nf3 e6 3. d4 cxd4 4. Nxd4 a6 5. c4 Nf6 6. Nc3 Bb4 7. Qd3 {B41: Sicilian: Kan Variation: 5 c4} O-O (7... Qc7 8. Nc2 Bc5 9. Be2 O-O 10. O-O Nc6 11. Kh1 d6 12. f4 Bd7 13. a3 Rad8 14. b4 Ba7 {½-½ (115) Karjakin,S (2782)-Caruana,F (2816) Paris 2018}) 8. e5 Ne8 $1 9. Be2 {White is slightly better.} Qc7 10. Nf3 $146 ({Predecessor:} 10. Nc2 Nc6 11. Nxb4 Nxb4 12. Qd2 Qxe5 13. b3 d5 14. O-O dxc4 15. bxc4 {½-½ (61) Bellahcene,B (2488)-Oratovsky,M (2456) Brest 2018}) 10... Nc6 11. Ng5 {[%csl Gg5][%cal Rd3h7] [#]} f5 (11... g6 $11) 12. exf6 $1 $14 ({Much worse is} 12. Qh3 h6 $17) 12... Nxf6 13. O-O $1 d6 14. a3 (14. Nce4 $14) 14... Bxc3 $11 15. Qxc3 e5 16. Be3 $36 {[%mdl 2048] White fights for an advantage.} h6 17. Nf3 Be6 18. Rac1 Ng4 19. Bd2 d5 20. cxd5 e4 (20... Bxd5 $14 21. Nh4 Nf6) 21. Ne5 $1 $16 Ngxe5 (21... Qxe5 $16 {was worth a try.} 22. Qxe5 Ngxe5 23. dxe6 Rae8) 22. dxe6 $18 Qd6 23. Qe3 Rae8 24. Rfd1 (24. Rcd1 $18) 24... Qd4 $2 (24... Nd3 $16) 25. Qg3 Qxb2 26. Rb1 ({Weaker is} 26. Bxh6 Nd3 $16) 26... Qa2 27. Rxb7 {[%csl Gb7][%cal Rg3g7] [#]} g6 28. Qc3 Qxe6 29. Bxh6 Rf7 30. Rxf7 Kxf7 31. Bxa6 g5 (31... Rd8 {was necessary.} 32. Rxd8 Nxd8) 32. Bxg5 Qg4 33. Qb3+ Kg7 34. Be3 Rb8 35. Qc2 Nf3+ 36. Kh1 Rh8 37. gxf3 Qxf3+ 38. Kg1 Qg4+ 39. Kf1 {Qb2+ would kill now.} Rxh2 40. Ke1 (40. Qb2+ $142 Kf8 41. Qf6+ Kg8 42. Bc4+ Kh7 43. Qf7+ Qg7 44. Qf5+ Kh8 45. Qc8+ Kh7 46. Rd7) 40... Rh1+ 41. Kd2 {Threatening mate with Qc3+.} Qd7+ 42. Kc1 {Precision: White = 75%, Black = 32%.} 1-0

[Event "23rd European Women Club Cup 2018"]
[Site "Halkidiki"]
[Date "2018.10.18"]
[Round "7"]
[White "Muzychuk, Mariya"]
[Black "Mammadzada, Gunay"]
[Result "1-0"]
[WhiteElo "2533"]
[BlackElo "2438"]
[Annotator "TA"]
[PlyCount "113"]
[EventDate "2018.10.12"]
[EventType "team-tourn"]
[EventCountry "GRE"]
[SourceTitle "playchess.com"]
[Source "ChessBase"]
[SourceQuality "1"]
[WhiteTeam "Kyiv"]
[BlackTeam "Odlar Yurdu"]

{[%evp 12,113,10,-8,36,35,39,36,35,19,74,52,63,66,66,47,45,54,70,59,63,59,110,93,137,95,162,162,166,118,116,104,131,112,76,68,129,129,138,44,73,80,216,60,166,173,181,162,187,185,200,110,131,114,173,66,66,69,152,147,150,150,150,117,150,150,163,174,170,178,178,187,172,110,110,110,172,172,235,169,380,327,897,897,718,787,707,593,29983,29984,29984,29985,29985,29974,29989,29990,29991,29991,29991,29992,29992,29993,29994,29995]} 1. e4 c5 2. Nf3 d6 3. c3 Nf6 4. Bd3 g6 5. Bc2 Bg7 6. d4 O-O 7. h3 {LiveBook: 81 Games} e6 {B50: Sicilian: 2...d6, Miscellaneous} (7... cxd4 8. cxd4 b5 9. O-O Bb7 10. Re1 Nbd7 11. a3 a5 12. Bg5 h6 13. Bf4 e5 14. Bh2 d5 15. dxe5 Nxe4 16. Nbd2 {½-½ (48) Andreikin,D (2736)-Dubov,D (2648) Sochi 2016}) 8. O-O Nc6 9. dxc5 dxc5 {White is slightly better.} 10. Bf4 $146 ({Predecessor:} 10. Na3 Bd7 11. Bg5 Qb8 12. Nc4 Qc7 13. a4 b6 14. Qe2 e5 15. a5 Be6 16. axb6 axb6 {1-0 (44) Vajda,A (2353)-Navrotescu,C (2443) Bucharest 1999}) 10... b6 (10... Qxd1 $11 {remains equal.} 11. Rxd1 b6) 11. Bd6 $1 $16 Re8 12. e5 $1 Nd7 {[%cal Rd7e5]} 13. Qe2 Bb7 14. Rd1 Qc8 15. Nbd2 $36 {[%mdl 2048] White has the initiative.} Ne7 16. Ne4 Nd5 (16... Nf5 $14) 17. Qd2 b5 18. Qg5 Qc6 (18... f5 $16) 19. h4 $18 {[%cal Bh3h4,Bh4h5][%mdl 32]} h6 20. Qg3 Ne7 21. Bxe7 Rxe7 22. h5 g5 23. Nd6 {And now Be4 would win.} Qb6 {[#]} ({Don't go for} 23... Nxe5 $2 24. Be4 $18) (23... Qc7 $1 $14) 24. Nxg5 $1 $16 {[%mdl 512]} Nxe5 (24... hxg5 25. Qxg5) 25. Nxb7 ({White should play} 25. Nh7 $1 $16 {[%cal Rh7f6]} Kh8 26. Qh4) 25... Rxb7 $14 26. Ne4 Kh8 (26... Kf8 $16) 27. b3 $2 (27. Qf4 $18 c4 28. Nd6) 27... f5 {[#]} (27... c4 $14) 28. Rd6 $1 $18 {[%cal Rd6b6]} Qc7 29. Rxe6 Rb6 30. Rxb6 axb6 {[#]} 31. Nd2 (31. Qf4 $1 $18) 31... Qf7 32. Nf3 Qf6 (32... Re8 $16 {was called for.}) 33. Nxe5 (33. Nh4 $18) 33... Qxe5 $14 34. Qf3 Rd8 (34... Rf8 $14) 35. Rd1 $16 ({Don't play} 35. Qxf5 $6 Qxf5 36. Bxf5 Bxc3 $16) 35... Rxd1+ 36. Qxd1 Bf6 37. c4 b4 38. g3 {Hoping for Qd7.} f4 39. Qd7 {[%csl Gc2][%cal Rd7h7]} Kg8 40. Qh7+ Kf8 41. Qxh6+ Bg7 42. Qc6 ({White should try} 42. Qxf4+ $18 Qxf4 43. gxf4) 42... fxg3 {Threatens to win with ...Qe1+.} 43. Qf3+ Kg8 (43... Ke7 $16 {was worth a try.}) 44. fxg3 $18 Qa1+ (44... Qe1+ {is a better defense.} 45. Kg2 Qd2+ 46. Qf2 Qxf2+ 47. Kxf2 Kf7) 45. Kg2 Qxa2 $2 (45... Qe5 {keeps fighting.} 46. Bf5 Qb2+ 47. Kh1 Qf6 48. Qd5+ Kh8) 46. Qe4 {Qe8+ is the strong threat.} Qb2 $2 {[#]} (46... Kf8 47. Kh3 Qa7) 47. h6 $1 {[%mdl 512] White threatens Qe8+ and mate.} Be5 (47... Bxh6 48. Qh7+) 48. Qf5 {Intending h7+ and mate.} Bh8 49. g4 {[%cal Bg3g4,Bg4g5][%mdl 32] g5 would kill now.} Qd4 {Black hopes to continue with ...Qd2+.} 50. g5 {White mates.} Qd2+ 51. Kf3 Qc3+ 52. Bd3 Qa1 53. Kg2 Qb2+ 54. Kh3 Qd4 55. Be4 Qe3+ 56. Kh4 Qe1+ 57. Kh5 {Precision: White = 65%, Black = 34%.} 1-0

[Event "23rd European Women Club Cup 2018"]
[Site "Halkidiki"]
[Date "2018.10.18"]
[Round "7"]
[White "Paehtz, Elisabeth"]
[Black "Klinova, Masha"]
[Result "1-0"]
[WhiteElo "2513"]
[BlackElo "2288"]
[Annotator "TA"]
[PlyCount "111"]
[EventDate "2018.10.12"]
[EventType "team-tourn"]
[EventCountry "GRE"]
[SourceTitle "playchess.com"]
[Source "ChessBase"]
[SourceQuality "1"]
[WhiteTeam "Pentole Agnelli"]
[BlackTeam "Beer Sheva"]

{[%evp 16,111,21,34,59,31,48,51,87,77,77,82,90,79,95,62,134,106,102,77,96,81,75,83,112,42,27,28,56,14,63,56,104,76,139,34,124,119,143,150,136,128,165,179,180,171,181,172,186,104,126,99,161,161,158,142,142,147,125,105,107,0,79,68,99,96,112,0,0,0,0,0,0,0,0,0,0,0,0,0,0,0,29973,8630,4158,2494,3226,3139,2836,2666,2303,2168,29983,29984,29984,29985,29985,29986]} 1. d4 d6 2. Nf3 g6 3. g3 Bg7 4. Bg2 Nf6 5. O-O O-O 6. c4 c6 7. Nc3 Bf5 8. Ne1 e5 9. d5 {LiveBook: 47 Games. E62: King's Indian: Fianchetto: 6...c6 and Panno Variation (6...Nc6) without ...a6} e4 10. h3 $146 ({Predecessor:} 10. Nc2 Qd7 11. Re1 cxd5 12. cxd5 Na6 13. Be3 Rac8 14. Bd4 b5 15. a3 Rfe8 16. Ne3 Nc7 {1-0 (29) Ikeda,J (2397)-Richards,H (2186) Canberra 2016}) 10... h5 11. Nc2 {White is slightly better.} c5 12. Bf4 Qe7 13. Ne3 Nbd7 14. Qc2 Rfe8 15. Bg5 {Strongly threatening g4!} Qf8 (15... Ne5 $14) 16. Nb5 Re5 17. Bf4 a6 18. Bxe5 Nxe5 19. Nc3 Re8 20. Kh2 (20. Nxf5 $16 gxf5 21. Nd1) 20... Bh6 $14 {With the idea ...Bxe3.} 21. Ncd1 ({Don't play} 21. Nxe4 Bxe4 22. Bxe4 Nxe4 $17) 21... Bc8 22. Kh1 h4 23. g4 $1 Bf4 24. Nc3 Qh6 ({Better is} 24... Bxe3 25. fxe3 Qe7) 25. Ned1 (25. Nxe4 $16 Nxe4 26. Qxe4) 25... Nxc4 ({Black should play} 25... Nexg4 $1 $14 26. hxg4 Bxg4) 26. e3 $36 {[%mdl 2048] Keeping Black busy.} ({And not} 26. Nxe4 Nxe4 27. Qxc4 Nd2 $17) 26... Bg5 27. Nxe4 Nxe4 28. Bxe4 Nd2 29. Qxd2 Rxe4 30. f4 Bd8 31. Nf2 Re8 32. b4 (32. e4 $18) 32... c4 33. Qd4 Bd7 (33... b5 $16) 34. Rfe1 $18 g5 {Black wants to play ...Bf6.} 35. Rac1 b5 36. Qa7 Bc8 37. Qb8 Be7 38. Kg2 (38. Qc7 $16) 38... Kf8 (38... f5 $11 {remains equal.}) 39. Qc7 $16 gxf4 40. exf4 Qxf4 41. Rcd1 (41. Kf1 $1 $16) 41... Qg3+ $11 42. Kf1 Bxg4 $1 43. hxg4 {[%cal Bh3g4,Bg4g5][%mdl 32]} h3 44. Re4 $1 {Threatens to win with Rde1.} Qf3 $1 {[#]} 45. g5 $1 {aiming for Qd7.} h2 {[%csl Gf3][%cal Rh2h1]} (45... Bxg5 46. Qxd6+) 46. Rh4 Qg3 $1 {[%cal Rg3g1] ( -> ...Qg1+)} 47. Rh8+ Kg7 48. Rxe8 h1=Q+ $4 {[%mdl 8192]} (48... Qf3 $11 49. Ke1 h1=Q+ 50. Nxh1 Qxh1+ 51. Kf2 Qh2+ 52. Kf3 Qh3+ 53. Kf4 Qh2+ 54. Kf3 Qh3+ 55. Kf4 Qh4+ 56. Kf3 Qh5+ 57. Kg3 Qxg5+ 58. Kf2 Qf5+ 59. Kg2 Qg4+ 60. Kh2 Qh5+ 61. Kg2 Qg4+ 62. Kh2 Qh4+ 63. Kg2 Qg4+) 49. Nxh1 Qh3+ 50. Kf2 {[%cal Bf1f2,Bf2g2,Bg2h3,Bh3h2,Bh2g3,Bg3f4][%mdl 32]} Qf5+ 51. Kg2 Qe4+ {[#]} 52. Kh3 $1 Qf5+ {[#]} 53. Kh2 $1 Qc2+ 54. Kg3 {White mates.} Qxd1 55. Qxe7 Qg1+ 56. Kf4 {Precision: White = 55%, Black = 40%.} 1-0

[Event "23rd European Women Club Cup 2018"]
[Site "Halkidiki"]
[Date "2018.10.18"]
[Round "7"]
[White "Pogonina, Natalija"]
[Black "Ovod, Evgenija"]
[Result "1/2-1/2"]
[WhiteElo "2485"]
[BlackElo "2363"]
[Annotator "TA"]
[PlyCount "101"]
[EventDate "2018.10.12"]
[EventType "team-tourn"]
[EventCountry "GRE"]
[SourceTitle "playchess.com"]
[Source "ChessBase"]
[SourceQuality "1"]
[WhiteTeam "Ugra"]
[BlackTeam "SSHOR"]

{[%evp 9,101,17,20,29,29,16,20,19,55,56,58,45,56,23,77,80,75,76,67,81,68,74,68,66,68,65,79,78,95,79,53,47,47,27,36,25,30,0,70,61,54,84,72,66,72,0,0,0,42,40,40,50,41,48,45,42,52,42,47,48,50,31,45,0,0,0,0,0,5,0,0,0,0,0,0,0,0,0,0,16,24,0,0,0,0,0,0,0,0,0,0,0,8,23]} 1. d4 d5 2. c4 c6 3. Nf3 Nf6 4. e3 Bg4 5. h3 Bh5 6. g4 {D11: Slav Defence: 3 Nf3 sidelines and 3...Nf6 4 e3 Bg4} (6. Nc3 e6 7. g4 Bg6 8. Ne5 Nbd7 9. Nxg6 hxg6 10. g5 Ng8 11. h4 Bb4 12. Qb3 Bxc3+ 13. bxc3 Ne7 14. Ba3 Nb6 15. Bxe7 Qxe7 {½-½ (85) Ding,L (2774)-Carlsen,M (2837) Saint Louis 2017}) 6... Bg6 7. Ne5 e6 8. Nd2 Nfd7 {next ...Nxe5 is good for Black.} 9. Nxg6 hxg6 10. Bg2 Be7 11. e4 Qb6 $146 {[#]} (11... dxc4 $11 {keeps the balance.} 12. Nxc4 Nb6) ({Predecessor:} 11... dxe4 12. Nxe4 Nf6 13. Nc3 Qc7 {½-½ (25) De Jong,J (2459)-Kevlishvili,R (2347) Leiden 2015}) 12. O-O $1 $16 Qxd4 13. exd5 cxd5 14. cxd5 exd5 15. Nb3 Qxd1 16. Rxd1 Nc6 17. Rxd5 Nb6 18. Rb5 O-O-O 19. Bf4 Bd6 20. Bxd6 (20. Bd2 {feels hotter.} Nc4 21. Bc3 a6 22. Rd5 f6 23. Rc1) 20... Rxd6 21. Rc1 Rhd8 22. Rc2 Kb8 23. a4 {[%cal Ba2a4,Ba4a5][%mdl 32] aiming for a5.} Nd4 ({Better is} 23... Rc8 $11) 24. Nxd4 $14 Rxd4 25. a5 Nd5 {[#]} 26. Re2 $1 {[%cal Re2e5]} a6 27. Rb3 (27. Rxd5 $1 $16 R8xd5 28. Bxd5 Rxd5 29. Re7) 27... Rd7 28. Re8+ Kc7 29. g5 Ra4 30. Bxd5 Rxd5 {[%mdl 4096] Endgame KRR-KRR} 31. Re7+ Kd6 32. Rxf7 {Strongly threatening Rb6+.} Rxg5+ 33. Kh2 Raxa5 34. Rb6+ Kc5 35. Rbxb7 Ra1 36. f4 Rgg1 37. Rxg7 Rh1+ 38. Kg3 Rhg1+ 39. Kh4 Raf1 {[%cal Rf1f4]} 40. Rbf7 a5 41. Rf6 (41. Rg8 {looks sharper.} Rg2 42. Rc7+ Kb5 43. Rb7+ Ka6 44. Rf7) 41... a4 42. Rgxg6 Rxg6 43. Rxg6 {Black must now prevent Kg5.} Rxf4+ 44. Rg4 Rxg4+ 45. hxg4 $11 {Hoping for g5. KPP-KP} Kb4 {The position is equal.} 46. g5 {Threatening mate with g6.} Kb3 47. g6 {White wants to mate with g7.} Kxb2 48. g7 a3 49. g8=Q a2 50. Qb8+ Kc2 51. Qa7 {Precision: White = 66%, Black = 70%.} 1/2-1/2

[Event "23rd European Women Club Cup 2018"]
[Site "Halkidiki"]
[Date "2018.10.18"]
[Round "7"]
[White "Batsiashvili, Nino"]
[Black "Cramling, Pia"]
[Result "1-0"]
[WhiteElo "2482"]
[BlackElo "2465"]
[Annotator "TA"]
[PlyCount "89"]
[EventDate "2018.10.12"]
[EventType "team-tourn"]
[EventCountry "GRE"]
[SourceTitle "playchess.com"]
[Source "ChessBase"]
[SourceQuality "1"]
[WhiteTeam "Nona"]
[BlackTeam "Monte-Carlo"]

{[%evp 22,89,16,20,20,10,19,17,18,0,0,0,0,0,0,-18,-23,-33,-34,-9,7,7,6,16,20,11,34,13,11,6,20,12,17,3,5,4,6,6,6,6,40,44,531,78,79,10,40,25,30,30,143,143,241,224,403,393,6412,6670,4702,3277,2022,1697,29980,29981,29981,29982,29992,29993,29993,29994]} 1. d4 Nf6 2. c4 e6 3. g3 d5 4. Nf3 dxc4 5. Bg2 c5 6. O-O Nc6 7. Qa4 Bd7 8. Qxc4 cxd4 9. Nxd4 Rc8 10. Nc3 Nxd4 11. Qxd4 Bc5 12. Qh4 h6 {E04: Open Catalan: 5 Nf3} 13. Bxb7 Rb8 $1 {[%cal Rb8b7]} 14. Bf3 Rb4 {The position is equal.} 15. Qh3 e5 16. Qg2 Qc8 {White should prevent ...Bh3.} 17. a3 Rb6 {[#] And now ...Bh3 would win.} 18. Qh1 $146 ({Predecessor:} 18. Nd5 Nxd5 19. Bxd5 O-O 20. Qe4 Bd4 21. e3 Bf5 22. Qf3 Bg4 23. Qe4 Bf5 24. Qf3 Bg4 25. Qe4 Bf5 26. Qf3 {½-½ (26) Sargissian,G (2691)-Harikrishna,P (2743) Batumi 2018}) 18... O-O 19. Nd5 Nxd5 20. Bxd5 Bd4 21. e3 Bxb2 22. Bxb2 Rxb2 23. Qe4 Qb8 24. Rfd1 Kh8 25. Rab1 f5 26. Rxb2 Qxb2 27. Qb4 Qxb4 28. axb4 $11 {[%mdl 4096] Endgame With the idea Ra1. KRB-KRB} Rb8 29. Ra1 Rb5 30. Ra5 Rxb4 31. Rxa7 Rb1+ 32. Kg2 Bb5 33. h4 ({White should try} 33. g4 $16 Bf1+ 34. Kg3) 33... g5 34. hxg5 hxg5 35. g4 {[%cal Bg3g4,Bg4f5,Bf5f6][%mdl 32]} Rd1 (35... Bf1+ $11 {keeps the balance.} 36. Kh2 Rb5) 36. Bf3 $16 Bf1+ (36... Rd7 $16 {might work better.} 37. Ra5 Bd3) 37. Kh2 $18 Rd2 $2 {[#]} (37... Rd6 {was worth a try.} 38. gxf5 Rh6+ 39. Kg3 e4) 38. gxf5 Rxf2+ $2 (38... g4) 39. Kg3 Rd2 40. f6 {Threatening mate with Ra8+.} Rd8 41. Kg4 Bd3 {[#]} 42. Bd5 $1 {[%mdl 512] White mates.} Rf8 (42... Rxd5 43. Ra8+) 43. Kxg5 Rd8 44. e4 Bc2 45. Kh6 {Precision: White = 72%, Black = 38%.} 1-0

[Event "23rd European Women Club Cup 2018"]
[Site "Halkidiki"]
[Date "2018.10.18"]
[Round "7"]
[White "Khotenashvili, Bela"]
[Black "Cornette, Deimante"]
[Result "1/2-1/2"]
[WhiteElo "2469"]
[BlackElo "2462"]
[Annotator "TA"]
[PlyCount "90"]
[EventDate "2018.10.12"]
[EventType "team-tourn"]
[EventCountry "GRE"]
[SourceTitle "playchess.com"]
[Source "ChessBase"]
[SourceQuality "1"]
[WhiteTeam "Nona"]
[BlackTeam "Monte-Carlo"]

{[%evp 23,90,25,21,21,18,14,14,21,20,8,14,5,4,6,16,9,13,11,18,21,27,23,33,11,6,8,31,0,0,-86,-84,-74,-72,-64,-53,-85,-75,-56,-27,-40,-31,-43,-25,-143,-31,-42,-50,-30,-4,-27,-23,-27,-22,-87,-14,-14,-15,-15,-11,-18,0,0,0,-21,0,0,0,-32,0]} 1. d4 Nf6 2. c4 e6 {[%cal Be7e6,Be6e5][%mdl 32]} 3. g3 c5 4. Nf3 cxd4 5. Nxd4 d5 6. Bg2 e5 7. Nf3 d4 8. O-O Nc6 9. e3 Be7 10. exd4 exd4 11. Bf4 O-O 12. Ne5 Qb6 13. Re1 {E01: Catalan: Early deviations} Be6 14. Nd2 Rac8 15. Qb3 {The position is equal.} (15. a3 d3 16. b4 Nxe5 17. c5 Qa6 18. Bxe5 Ng4 19. Bc3 Bf6 20. Qc1 Rfd8 {½-½ (35) Dubov,D (2660)-Nepomniachtchi,I (2751) Sochi 2017}) 15... Nh5 {[#]} 16. Qxb6 $146 ({Predecessor:} 16. Nxc6 bxc6 17. Be5 Qa5 18. Qd1 g6 19. Nb3 Qa6 20. Nxd4 Rfd8 21. Qf3 Rxd4 22. Bxd4 c5 23. Bc3 Qxc4 24. Qb7 Bd6 25. Rad1 {1-0 (25) Kantor,G (2514)-Tin,J (2404) Tarvisio 2017}) 16... axb6 17. Nxc6 bxc6 18. Be5 c5 19. a4 Nf6 20. Bf3 Nd7 21. Bb7 Rce8 22. Bc7 Bd8 23. Bf4 g5 24. Bd6 Be7 25. Bxe7 (25. Bc7 {is more complex.} Bd8 26. Bxd8 Rxd8 27. Bc6 Rfe8 28. f3) 25... Rxe7 26. Ne4 (26. Bc6 $11) 26... Ne5 $36 {[%mdl 2048] Hoping for ...Nf3+. Black is really pushing.} 27. Nxg5 Rxb7 28. Rxe5 Bxc4 29. Ne4 {aiming for Nd6.} f6 30. Rf5 Bd3 31. Nxf6+ Kh8 32. Rf4 Bc2 33. f3 {[#]} (33. Kf1 $1 $11) 33... Rbf7 (33... d3 $1 $17 {[%cal Rd3d2]} 34. Ne4 Rxf4 35. gxf4 Rd7) 34. Ne4 $1 $15 Rxf4 35. gxf4 Rxf4 {[%mdl 4096] Endgame KRB-KRN} 36. Nd2 Rf7 37. Kf2 Re7 38. b3 {[#]} (38. Nc4 $11 {keeps the balance.}) 38... Re3 (38... Kg7 $1 $17) 39. a5 $1 $11 {[%cal Ra5b6]} bxa5 $1 40. Rxa5 Bd1 {Threatens to win with ...Re2+.} 41. Kf1 Be2+ 42. Kf2 Bd1 {...Re2+ is the strong threat.} 43. Kf1 Be2+ 44. Kf2 Bd1 {And now ...Re2+ would win.} 45. Kf1 Be2+ {Precision: White = 58%, Black = 57%.} 1/2-1/2

[Event "23rd European Women Club Cup 2018"]
[Site "Halkidiki"]
[Date "2018.10.18"]
[Round "7"]
[White "Socko, Monika"]
[Black "Javakhishvili, Lela"]
[Result "1/2-1/2"]
[WhiteElo "2451"]
[BlackElo "2475"]
[Annotator "TA"]
[PlyCount "74"]
[EventDate "2018.10.12"]
[EventType "team-tourn"]
[EventCountry "GRE"]
[SourceTitle "playchess.com"]
[Source "ChessBase"]
[SourceQuality "1"]
[WhiteTeam "Monte-Carlo"]
[BlackTeam "Nona"]

{[%evp 20,74,12,19,31,0,-7,0,0,-22,0,-22,-17,-46,-35,-56,-44,-54,-64,-60,-32,-41,-12,-27,-8,-1,29,-42,0,0,0,-22,-21,-25,-33,-32,0,0,0,0,12,0,3,0,8,0,0,0,0,0,0,0,0,0,0,0,0]} 1. d4 Nf6 2. c4 e6 3. g3 d5 4. Nf3 dxc4 5. Bg2 a6 6. O-O Nc6 7. e3 Rb8 8. Qe2 {E04: Open Catalan: 5 Nf3} b5 9. b3 cxb3 10. axb3 Bd6 11. Bb2 {LiveBook: 5 Games} (11. Rd1 Qe7 12. Bb2 O-O 13. Rc1 Bb7 14. Ne5 Nb4 15. Bxb7 Rxb7 {1-0 (52) So,W (2778)-Mamedyarov,S (2808) Leuven 2018}) 11... Nb4 12. e4 {[%mdl 1024] [#] Black must now prevent e5. White has compensation.} Be7 13. Rd1 O-O 14. Nc3 Bb7 15. h4 $146 ({Predecessor:} 15. Ne5 Nd7 {1-0 (58) Lampert,J (2461)-Shvayger,Y (2368) Douglas 2015}) 15... Qe8 16. Rac1 c5 17. e5 Nd7 18. Ne4 {[%cal Rd4c5] [#]} c4 $1 {[%mdl 512]} 19. bxc4 bxc4 20. Rxc4 Bd5 21. Rcc1 Na2 {Strongly threatening ...Bxe4.} 22. Ra1 Qc8 23. Nd6 (23. Ne1 $11) 23... Qc6 (23... Bxd6 $5 24. exd6 Qb7 $15) 24. Ne1 {[%cal Bf3e1,Be1d3,Bd3f4][%mdl 32] aiming for Rxa2!} Bxd6 25. Bxd5 Qxd5 26. exd6 Nb4 27. Nd3 $1 a5 ({Much worse is} 27... Qxd6 $6 28. Nxb4 Rxb4 29. Ba3 $16) 28. Nf4 {The position is equal.} Qxd6 29. Rxa5 Rfc8 30. Ba3 {And now Ra4 would win.} Qb6 31. Bxb4 Qxb4 32. Ra7 $36 {[%mdl 2048] Black is under pressure.} Nf6 33. Nh5 Nxh5 34. Qxh5 Rb7 35. Rxb7 Qxb7 36. d5 exd5 37. Qxd5 Qxd5 {Precision: White = 58%, Black = 51%.} 1/2-1/2